Statistics for Decoder #2: Captain America

Click here to take the quiz!

General Stats

  • This quiz has been taken 125 times
  • The average score is 7 of 11

Answer Stats

HintAnswer% Correct
Real name = Tony StarkIron Man
97%
Plays Black PantherChadwick Boseman
94%
Real name of CapSteve Rogers
92%
Enemy group (Germany)Hydra
86%
Leader of above groupRed Skull
80%
Secret identity of FalconSam Wilson
70%
First enemy group of CapNazis
69%
Plays Sharon CarterEmily VanCamp
42%
The code =Chris Evans
39%
Crossbones is aVillain
27%
Sidekick of leader ^^^^^Arnim Zola
21%

Score Distribution

Percentile by Number Answered

Percent of People with Each Score

Your Score History

You have not taken this quiz